000 00486nam a2200181Ia 4500
005 20250508162221.0
008 008 250505s9999 xx 000 0 eng d
037 _aTextual
040 _aFEDL
_beng
_cFEDL
041 _aeng
_2eng
084 _a410, LYO
_qFEDL
100 _aLyons John Ed.
245 0 _aNew horizons in linguistics
260 _aHarmondsworth
_bPenguin Books Limited
_c1973
300 _a366p.
942 _cTEXL
_h410, LYO
999 _c1375170
_d1375170